00537nam a2200181Ia 4500008004100000040001900041041001200060082002000072100002000092245003900112260003600151300001800187650001400205850001800219942000700237999001700244952009400261131103s9999 xx 000 0 und d aLoreto College aEnglish a920/FLYbLCLIB/ aIdriess, Iol L. aFlynn of the inlandcIon L.Idriess aLondonbAngus & robertsonc1951 a242p c 21cm. aBiography aLCLIB/920/FLY cBK c25217d75696 00104070aMAINbMAINd2013-11-04l0o920/FLY LCLIB/pB28021r2013-11-04w2013-11-04yBK